Statistics for 30 seconds sprinter of the 7 continents

Click here to take the quiz!

General Stats

  • This quiz has been taken 24 times
  • The average score is 5 of 7

Answer Stats

Answer % Correct
Asia
84%
Africa
84%
South America
84%
Europe
79%
North America
79%
Antarctica
63%
Australia & Oceania
5%

Score Distribution

Percentile by Number Answered

Percent of People with Each Score

Your Score History

You have not taken this quiz